| 000 | 01464nam0a22003371 4500 | ||
|---|---|---|---|
| 001 | RU\NLR\INFOCOMM_190\5000052580 | ||
| 005 | 20250613093917.0 | ||
| 035 | _a(NLR Aleph) 009230293 | ||
| 090 |
_a8861757 _c8861757 |
||
| 100 | _a20100618d1991 |||y0rusy50 ca | ||
| 101 | 0 |
_aeng _drus |
|
| 102 | _aRU | ||
| 105 | _aa ||||000|y | ||
| 200 | 1 |
_aOff-shell effects in the dynamical model of pion photoproduction on nucleon _fA. A. Chumbalov, S. S. Kamalov |
|
| 210 |
_aДубна _cОбъед. ин-т ядер. исслед. _d1991 |
||
| 215 |
_a11 с. _cграф. _d21 см |
||
| 225 | 1 |
_aСообщения Объединенного института ядерных исследований, Дубна _vЕ4-91-126 |
|
| 300 | _aНа 3-й с. обл.: Внеэнергетические эффекты в фоторождении пионов на нуклонах / Чумбалов А. А., Камалов С. С. | ||
| 300 | _aРез. на рус. яз. | ||
| 320 | _aБиблиогр.: с. 11 | ||
| 606 |
_aПионы (физ.) _xФоторождение на нуклонах _2nlr_sh1 |
||
| 686 |
_aВ383.58 _2rubbk |
||
| 700 | 1 |
_9z02790 _aČumbalov _bA. A. _gAset Askarovič _4070 |
|
| 701 | 1 |
_9z03790 _aKamalov _bS. S. _gSabit Sabir'janovič _4070 |
|
| 790 | 1 |
_9z02700 _aChumbalov _bA. A. _4070 |
|
| 790 | 1 |
_9z03701 _aKamalov _bS. S. _4070 |
|
| 801 | 1 |
_aRU _bNLR _c20100618 |
|
| 801 | 0 |
_aRU _bNLR _gPSBO |
|
| 852 |
_aNLR _jФз01 Д-4/6263 |
||
| 942 | _cBOOK | ||
| 980 | _aNB | ||